| 000 | 00567nam a2200181 a 4500 | ||
|---|---|---|---|
| 001 | 3550 | ||
| 003 | CO-ViMGA | ||
| 008 | 141112s2004 ck r 000 u spa d | ||
| 040 |
_aCO-ViMGA _bspa _cCO-ViMGA |
||
| 082 | 0 | 4 | _a658.404 L663 |
| 100 | 1 |
_aLópez Soto, Nilson _953427 |
|
| 245 | 1 | 0 |
_aProyectos agropecuarios : _bteoria y casos prácticos |
| 260 |
_aSantafé de Bogotá : _bUniversidad Nacional de Colombia, _c1997 |
||
| 300 | _a137 p : il | ||
| 650 | 1 | 4 |
_aAGRARIA - PROYECTOS DE DESARROLLO _953428 |
| 650 | 1 | 4 |
_aPROYECTOS - ADMINISTRACION _953429 |
| 942 |
_2ddc _cBK |
||
| 999 |
_c15593 _d15593 |
||